BFDI Characters Ultimate Quiz - Statistics

General Stats
  • This quiz has been taken 60 times
    11 since last reset
  • The average score is 72 of 123
Answer Stats
Hint Awnser % Correct
BFDI Flower
100%
BFDIA Fries
100%
BFDIA Puffball
100%
BFDI Rocky
100%
BFDI Spongy
100%
BFDI Teardrop
100%
Speaker Box Announcer
83%
BFDI Blocky
83%
BFDIA Book
83%
BFDI Bubble
83%
BFDI Coiny
83%
BFDI David
83%
BFDIA Dora
83%
BFDI Eraser
83%
BFDI Firey
83%
Speaker Box Firey Speaker Box
83%
Speaker Box Flower Speaker Box
83%
BFDIA Gelatin
83%
BFDI Golf Ball
83%
BFDI Ice Cube
83%
BFDI Leafy
83%
BFDI Match
83%
BFDI Needle
83%
BFDIA Nickel
83%
BFDI Pen
83%
BFDI Pencil
83%
BFDI Pin
83%
BFDI Snowball
83%
BFDI Tennis Ball
83%
BFDI Woody
83%
BFDIA Yellow Face
83%
BFDIE Beach Ball
67%
IDFB Black Hole
67%
BFDIA Bomby
67%
TPOT Failed Debuter Discy
67%
BFDIA Donut
67%
Algibralien Eight
67%
IDFB Fanny
67%
BFDIE Fern
67%
Algibralien Five
67%
Algibralien Four
67%
Algibralien Fourteen
67%
BFDIE Money
67%
BFDIE Needy
67%
Algibralien Nine
67%
TPOT Failed Debuter Nonexisty
67%
Other Non-existy
67%
Algibralien One
67%
Speaker Box Puffball Speaker Box
67%
IDFB Remote
67%
TPOT Failed Debuter Rubber Spatula
67%
Algibralien Seven
67%
BFDIE Sidewalky
67%
Algibralien Six
67%
BFDIE Sticker
67%
Algibralien Ten
67%
Algibralien Three
67%
IDFB Tree
67%
Algibralien Two
67%
Algibralien Two Thousand Seven Hundred and Sixty Three
67%
Algibralien Zero
67%
IDFB 8-Ball
50%
TPOT Failed Debuter 9-Ball
50%
TPOT Failed Debuter Avocado
50%
IDFB Balloony
50%
IDFB Barf Bag
50%
IDFB Basketball
50%
IDFB Bottle
50%
IDFB Bracelety
50%
IDFB Cake
50%
TPOT Failed Debuter Camera
50%
IDFB Cloudy
50%
IDFB Eggy
50%
Other Evil leafy
50%
BFB Foldy
50%
IDFB Gaty
50%
BFDIE Hotdog
50%
TPOT Failed Debuter Income Tax Return Document
50%
BFDIE Jammy
50%
TPOT Failed Debuter Leek
50%
IDFB Lightning
50%
BFB LIY
50%
IDFB Lollipop
50%
BFB Loser
50%
IDFB Naily
50%
TPOT Failed Debuter Personal Digital Assistant (PDA)
50%
TPOT Price Tag
50%
Other Purple Face
50%
IDFB Robot Flower
50%
IDFB Roboty
50%
BFDIA Ruby
50%
IDFB Saw
50%
TPOT Failed Debuter Shampoo
50%
BFB Stapy
50%
IDFB Taco
50%
TPOT Failed Debuter Tapey
50%
TPOT Failed Debuter VHSy
50%
TPOT Winner
50%
TPOT Failed Debuter Anchor
33%
IDFB Bell
33%
TPOT Failed Debuter Clapboard
33%
Algibralien Fifteen
33%
IDFB Firey Jr
33%
IDFB Grassy
33%
IDFB Marker
33%
IDFB Pie
33%
IDFB Pillow
33%
Other Profily
33%
BFDIE Rose
33%
BFDIE Ruler
33%
TPOT Failed Debuter Shopping Cart
33%
BFDIE Toothpaste
33%
IDFB TV
33%
TPOT Failed Debuter Battery
17%
TPOT Failed Debuter Blender
17%
IDFB Clock
17%
TPOT Failed Debuter Conch Shell
17%
TPOT Failed Debuter Onigiri
17%
TPOT Failed Debuter Salt Lamp
17%
TPOT Failed Debuter Scissors
17%
TPOT Failed Debuter Snare Drum
17%
TPOT Failed Debuter Boom Mic
0%
TPOT Failed Debuter Kitchen Sink
0%
No matching quizzes found
Score Distribution
Percent of People with Each Score
Percentile by Number Answered
Your Score History
You have not taken this quiz since the last reset